000 00632nam a22002297a 4500
003 UA-OsUOA
001 78499
007 ta
008 20111013b un ||||| |||| 00| 0 ukr d
100 _aЛадинский А.
090 _a821.161.2
_bЛ15
942 _cBK
040 _aUA-OsUOA
_brus
_cUA-OsUOA
_dUA-OsUOA
245 _aВ дни Каракаллы
_bисторический роман
300 _a383 с.
955 _a3
041 _arus
080 _a821.161.2
260 _aМинск
_bМаст. літ.
_c1987
650 7 _a82 Література. Літературознавство
_2UDC
999 _c364814
_d364814